CONTEMPORARY BUSINESS MATHEMATICS WITH CANADIAN APPLICATIONS (Record no. 84086)
[ view plain ]
| 000 -LEADER | |
|---|---|
| fixed length control field | 00271nam a2200097Ia 4500 |
| 050 ## - LIBRARY OF CONGRESS CALL NUMBER | |
| Classification number | HF5691.H86 2009 |
| 100 ## - MAIN ENTRY--PERSONAL NAME | |
| Personal name | S.A HUMMELBRUNNER |
| 245 #0 - TITLE STATEMENT | |
| Title | CONTEMPORARY BUSINESS MATHEMATICS WITH CANADIAN APPLICATIONS |
| 942 ## - ADDED ENTRY ELEMENTS (KOHA) | |
| Koha item type | Long Loan Book |
| Withdrawn status | Lost status | Source of classification or shelving scheme | Damaged status | Not for loan | Collection | Home library | Current library | Shelving location | Date acquired | Inventory number | Total checkouts | Full call number | Barcode | Date last seen | Copy number | Price effective from | Koha item type |
|---|---|---|---|---|---|---|---|---|---|---|---|---|---|---|---|---|---|
| Library of Congress Classification | Business & Economics | Kisii University Library | Kisii University Library | On Display | 09/15/2023 | 65542 | HF 5691 .H86 2009 | 010146 | 09/15/2023 | C.1 | 09/15/2023 | Long Loan Book | |||||
| Library of Congress Classification | Business & Economics | Kisii University Library | Kisii University Library | On Display | 09/15/2023 | 50497 | HF 5691 .H86 2009 | 000000018593 | 01/19/2026 | C.1 | 09/15/2023 | Long Loan Book |